[Event "14th ECC w"]
[Site "Ohrid MKD"]
[Date "2009.10.08"]
[Round "5"]
[White "Kovalevskaya,E"]
[Black "Paehtz,E"]
[Result "1-0"]
[WhiteElo "2436"]
[BlackElo "2482"]
[EventDate "2009.10.04"]

1. Nf3 Nf6 2. g3 g6 3. Bg2 Bg7 4. O-O O-O 5. c4 c6 6. d4 d5 7. cxd5 cxd5 8.
Nc3 e6 9. Ne5 Nfd7 10. Nf3 Nf6 11. Bf4 Nc6 12. Ne5 Nd7 13. Nxc6 bxc6 14.
Na4 Ba6 15. Rc1 Rc8 16. Qd2 Re8 17. Rc2 Bb5 18. Nc3 Ba6 19. Rfc1 Nb6 20. b3
c5 21. dxc5 Rxc5 22. a4 Rc8 23. Na2 Rxc2 24. Rxc2 Nd7 25. Nb4 Bc8 26. Nc6
Qb6 27. b4 Bf8 28. Be3 Qb7 29. b5 a6 30. Qa5 axb5 31. axb5 Nb8 32. Na7 Bd6
33. Bc5 Bc7 34. b6 Be5 35. f4 Bf6 36. Bf2 Qa6 37. Qxa6 Bxa6 38. e4 Bc4 39.
exd5 exd5 40. Bf1 Re4 41. Bxc4 dxc4 42. Nb5 c3 43. Nxc3 Rc4 44. Re2 Bxc3
45. Re8+ Kg7 46. Rxb8 Bd4 47. Rd8 Bxf2+ 48. Kxf2 Rb4 49. Rd6 h5 50. Ke3 Kh6
51. Kd3 h4 52. Kc3 Rb1 53. gxh4 Kh5 54. Kc4 Kxh4 55. Kc5 Kh3 56. Rf6 Kxh2
57. Rxf7 Kg3 58. Kc6 Kg4 59. b7 Rc1+ 60. Kd7 Rd1+ 61. Kc8 Rc1+ 62. Rc7 Rb1
63. Rc4 1-0

[Event "14th ECC w"]
[Site "Ohrid MKD"]
[Date "2009.10.08"]
[Round "5"]
[White "Gaponenko,I"]
[Black "Danielian,E"]
[Result "0-1"]
[WhiteElo "2438"]
[BlackElo "2489"]
[EventDate "2009.10.04"]

1. e4 e6 2. d4 d5 3. Nc3 Nf6 4. e5 Nfd7 5. f4 c5 6. Nf3 Nc6 7. Be3 cxd4 8.
Nxd4 Bc5 9. Qd2 O-O 10. O-O-O Qe7 11. Kb1 f6 12. exf6 Nxf6 13. Be2 Bb4 14.
Bf3 Na5 15. Qd3 Nc4 16. Bc1 Bd7 17. Rhe1 Rac8 18. Nxe6 Bxe6 19. Nxd5 Nxd5
20. Rxe6 Na3+ 21. bxa3 Nc3+ 22. Qxc3 Rxc3 23. Bd5 Qc5 24. axb4 Qxb4+ 25.
Bb3 Kh8 26. Bd2 Rxb3+ 27. axb3 Qd4 28. Ree1 Rd8 29. Re2 h6 30. Rde1 Kh7 31.
Bc1 Rc8 32. g4 a5 33. Re4 Qf2 34. R1e2 Qg1 35. h3 b5 36. g5 a4 37. Re6 hxg5
38. fxg5 g6 39. Re7+ Kg8 40. R2e6 axb3 41. Rxg6+ Kf8 42. Re4 Qd1 43. Rf4+
Ke7 44. Rg7+ Kd6 45. Rf6+ Kc5 46. Rf2 b2 47. Rf5+ Kb4 48. Rf4+ Ka5 0-1

[Event "14th ECC w"]
[Site "Ohrid MKD"]
[Date "2009.10.08"]
[Round "5"]
[White "Harika,D"]
[Black "Vasilevich,T"]
[Result "1-0"]
[WhiteElo "2474"]
[BlackElo "2423"]
[EventDate "2009.10.04"]

1. d4 e6 2. c4 Bb4+ 3. Bd2 a5 4. Nc3 d6 5. e3 e5 6. Bd3 Nc6 7. Nge2 f5 8.
a3 Bxc3 9. Bxc3 Nf6 10. b4 e4 11. Bc2 axb4 12. axb4 Rxa1 13. Qxa1 d5 14.
Bb3 Be6 15. Nf4 Bf7 16. cxd5 Nxd5 17. Bxd5 Bxd5 18. b5 Ne7 19. Bb4 g5 20.
Bxe7 Kxe7 21. Nxd5+ Qxd5 22. O-O Kd7 23. Rc1 b6 24. Qc3 Rc8 25. h3 Qxb5 26.
d5 Qxd5 27. Qg7+ Kd6 28. Qh6+ Kd7 29. Qxh7+ Kd6 30. Qg6+ Kd7 31. Qg7+ Kd6
32. Qxg5 Qe6 33. Qg7 c5 34. Qb7 Ke5 35. Rd1 Kf6 36. Qh7 c4 37. Rd7 Rg8 38.
h4 1-0

[Event "14th ECC w"]
[Site "Ohrid MKD"]
[Date "2009.10.08"]
[Round "5"]
[White "Galojan,L"]
[Black "Drljevic,L"]
[Result "1-0"]
[WhiteElo "2326"]
[BlackElo "2207"]
[EventDate "2009.10.04"]

1. d4 d6 2. c4 Nf6 3. Nc3 e5 4. Nf3 Nbd7 5. g3 g6 6. Bg2 Bg7 7. O-O O-O 8.
h3 c6 9. e4 a6 10. d5 c5 11. Re1 Rb8 12. Bf1 h6 13. Bd2 Nh5 14. Nh4 Ndf6
15. Kh2 Nh7 16. a3 Ng5 17. b4 cxb4 18. axb4 Bd7 19. Be3 Qc8 20. Na4 Bxa4
21. Qxa4 Nxe4 22. Rac1 g5 23. Bd3 gxh4 24. Bxe4 hxg3+ 25. fxg3 f5 26. Qd1
Nxg3 27. Kxg3 fxe4 28. Rf1 Qd7 29. Qg4 Qxg4+ 30. Kxg4 Rbc8 31. c5 Rxf1 32.
Rxf1 Bf8 33. Kf5 dxc5 1-0

[Event "14th ECC w"]
[Site "Ohrid MKD"]
[Date "2009.10.08"]
[Round "5"]
[White "Rudolf,An"]
[Black "Chelushkina,I"]
[Result "1-0"]
[WhiteElo "2286"]
[BlackElo "2333"]
[EventDate "2009.10.04"]

1. e4 c5 2. Nf3 Nc6 3. Bb5 g6 4. Bxc6 dxc6 5. d3 Bg7 6. O-O b6 7. a4 Qc7 8.
a5 Rb8 9. h3 e5 10. Nbd2 f6 11. Nc4 Nh6 12. Bd2 b5 13. Ne3 O-O 14. Re1 Nf7
15. b4 c4 16. Nf1 Rd8 17. dxc4 bxc4 18. Qe2 Be6 19. Rab1 Nd6 20. Ne3 Qf7
21. Ng4 Nb5 22. Qe3 Qf8 23. Red1 Nd4 24. Bc3 h5 25. Bxd4 exd4 26. Nxd4 Rxd4
27. Qxd4 hxg4 28. hxg4 Qf7 29. Qd6 Rc8 30. Qg3 Bf8 31. a6 Bd7 32. g5 f5 33.
Qe3 Be6 34. b5 f4 35. Qf3 Qc7 36. bxc6 Qxc6 37. Qxf4 Qxa6 38. Qf6 Bg7 39.
Qxg6 Qc6 40. e5 Qe8 41. Qe4 Qf7 42. Rb7 Qf5 43. Qxf5 Bxf5 44. c3 a5 45. Ra1
Ra8 46. Ra4 Bc2 47. Rxc4 a4 48. e6 a3 49. Rbc7 Bf8 50. Rc8 Ra7 51. Rf4 Kg7
52. Rcxf8 Bg6 53. R8f7+ Rxf7 54. exf7 1-0

[Event "14th ECC w"]
[Site "Ohrid MKD"]
[Date "2009.10.08"]
[Round "5"]
[White "Foisor,C"]
[Black "Steil Antoni,F"]
[Result "1-0"]
[WhiteElo "2433"]
[BlackElo "2152"]
[EventDate "2009.10.04"]

1. Nf3 d6 2. d4 Bg4 3. e4 Nf6 4. Bd3 e6 5. O-O Be7 6. c4 c6 7. Nc3 O-O 8.
h3 Bh5 9. Re1 d5 10. e5 Nfd7 11. b3 Nb6 12. c5 Nc8 13. b4 f6 14. g4 Bf7 15.
Qc2 g6 16. Kg2 Kh8 17. exf6 Bxf6 18. Ne5 Bxe5 19. dxe5 Bg8 20. Bh6 Rf7 21.
f4 Ne7 22. Bg5 Nd7 23. Ne2 Qf8 24. Rf1 a5 25. Nd4 Rg7 26. a3 axb4 27. axb4
Rxa1 28. Rxa1 Qb8 29. Qf2 Nc8 30. Qh4 Bf7 31. Bf6 b6 32. Bxg7+ Kxg7 33.
Nxc6 Qb7 34. Nd8 1-0

[Event "14th ECC w"]
[Site "Ohrid MKD"]
[Date "2009.10.08"]
[Round "5"]
[White "Henrichs,W"]
[Black "Petrenko,S"]
[Result "1/2-1/2"]
[WhiteElo "2034"]
[BlackElo "2260"]
[EventDate "2009.10.04"]

1. d4 e6 2. c4 Nf6 3. Nc3 b6 4. a3 Bb7 5. e3 d5 6. Nf3 Be7 7. Be2 O-O 8.
O-O Nbd7 9. b4 Ne4 10. Bb2 f5 11. Rc1 c6 12. Ne5 Nxe5 13. dxe5 a5 14. Nxe4
fxe4 15. Bg4 Qd7 16. c5 Ba6 17. Re1 bxc5 18. bxc5 Rfb8 19. Bd4 Bc4 20. Rb1
Rb5 21. Qd2 Bb3 22. Be2 Rb7 23. Rb2 a4 24. Reb1 Rab8 25. f3 exf3 26. gxf3
Qe8 27. Kh1 Qf8 28. Rc1 Bh4 29. f4 Qf5 30. Bd3 Qh3 31. Qg2 Qxg2+ 32. Rxg2
Rf8 33. Rg4 Bd8 34. Rcg1 Rff7 35. h4 Bc4 36. Bxc4 dxc4 37. Rc1 Rb3 38. Rxc4
Rxa3 39. Rb4 Kf8 40. Rb8 Ke8 41. Rg2 Rb3 42. Ra8 a3 43. Ra2 Rfb7 44. R2xa3
Rxa3 45. Rxa3 Bxh4 46. Kg2 g6 47. Ra8+ Bd8 48. Kf3 h5 49. e4 Rb3+ 50. Be3
h4 51. Ra7 Be7 52. Ra8+ Kf7 53. Ke2 Rb2+ 54. Kf3 Rc2 55. Bf2 g5 56. fxg5
Bxg5 57. Ra1 Kg6 58. Ra8 Kg7 59. Ra7+ Kg6 60. Ra8 Be7 61. Re8 Kf7 62. Rc8
h3 63. Rh8 Bxc5 64. Bg3 Rc3+ 65. Kg4 Bf8 66. Rxh3 c5 67. Rh1 Bg7 68. Rd1
Ke8 69. Bf4 Bf8 70. Bg5 Be7 71. Bf4 c4 72. Ra1 Rd3 73. Ra6 Kd7 74. Ra7+ Kd8
75. Ra6 Kd7 76. Ra7+ Ke8 77. Ra6 Kf7 78. Ra7 Ke8 79. Ra6 1/2-1/2

[Event "14th ECC w"]
[Site "Ohrid MKD"]
[Date "2009.10.08"]
[Round "5"]
[White "Benderac,A"]
[Black "Weigel,M"]
[Result "1-0"]
[WhiteElo "2276"]
[BlackElo "1857"]
[EventDate "2009.10.04"]

1. d4 Nf6 2. Nf3 d5 3. c3 c5 4. dxc5 Nc6 5. b4 a5 6. b5 Na7 7. a4 e6 8. Ba3
Bd7 9. Qd4 Bxb5 10. axb5 Nxb5 11. Qa4 Qd7 12. Ne5 1-0

[Event "14th ECC w"]
[Site "Ohrid MKD"]
[Date "2009.10.09"]
[Round "6"]
[White "Kosintseva,T"]
[Black "Hoang Thanh Trang"]
[Result "1-0"]
[WhiteElo "2536"]
[BlackElo "2501"]
[EventDate "2009.10.04"]

1. e4 e6 2. d4 d5 3. Nc3 dxe4 4. Nxe4 Bd7 5. Nf3 Bc6 6. Bd3 Nd7 7. O-O Ngf6
8. Ng3 Be7 9. c4 Bxf3 10. Qxf3 c6 11. Be3 O-O 12. Rad1 Qa5 13. Bb1 Rad8 14.
h3 Rfe8 15. a3 Nf8 16. Bc1 Rd7 17. b4 Qc7 18. Qc3 Red8 19. Bc2 Ng6 20. f4
Bd6 21. Ne2 Nh4 22. g3 Ng6 23. Qf3 b5 24. f5 Nf8 25. c5 Be7 26. Bf4 Qb7 27.
Be5 Re8 28. g4 Bd8 29. Ng3 Nd5 30. Ne4 Bc7 31. f6 Ng6 32. Bxc7 Qxc7 33. Nd6
Ra8 34. fxg7 Kxg7 35. Qg3 Qd8 36. g5 a5 37. Be4 axb4 38. Bxd5 cxd5 39. axb4
Qh8 40. h4 h5 41. Rf6 Qb8 42. Rdf1 Kg8 43. Rxf7 Rxf7 44. Rxf7 Ra1+ 45. Rf1
Rxf1+ 46. Kxf1 Qa7 47. Qf2 Qa3 48. Qf7+ Kh8 49. Qf6+ Kh7 50. Qf7+ Kh8 51.
Qxg6 Qf3+ 52. Ke1 Qe3+ 53. Kd1 Qg1+ 54. Kc2 Qf2+ 55. Kb3 Qe3+ 56. Kb2 Qd2+
57. Qc2 Qxb4+ 58. Ka2 Qa5+ 59. Kb3 Qa4+ 60. Kc3 b4+ 61. Kd2 Qa1 62. Nb5 Qf1
63. Qd3 Qf4+ 64. Kc2 Qf2+ 65. Kb3 Kg7 66. c6 1-0

[Event "14th ECC w"]
[Site "Ohrid MKD"]
[Date "2009.10.09"]
[Round "6"]
[White "Kosintseva,N"]
[Black "Maric,A"]
[Result "1-0"]
[WhiteElo "2493"]
[BlackElo "2405"]
[EventDate "2009.10.04"]

1. e4 c6 2. d4 d5 3. e5 Bf5 4. Nd2 e6 5. Nb3 Nd7 6. Nf3 Ne7 7. Be2 h6 8.
O-O Bh7 9. a4 Ng6 10. a5 Be7 11. c4 O-O 12. cxd5 cxd5 13. Ne1 Qc7 14. Be3
Rfc8 15. Qd2 Qd8 16. f4 Rc7 17. Nd3 Rac8 18. Rfc1 Ngf8 19. Qd1 Nb8 20. Bd2
Rxc1 21. Nbxc1 Nc6 22. Bc3 b6 23. a6 b5 24. Nb3 Nd7 25. Be1 Nb6 26. Bf2 Na4
27. Qd2 Qf8 28. Rc1 Nb8 29. Ndc5 Nxc5 30. Nxc5 Bxc5 31. dxc5 Nxa6 32. Bxb5
Nc7 33. Bf1 Qe8 34. c6 a6 35. Qa5 Be4 36. Bb6 Qe7 37. b4 d4 38. Bxd4 Rb8
39. Bc5 Qd8 40. Bd6 Rc8 41. Bxa6 Nxa6 42. Qxa6 Ra8 43. c7 Qc8 44. Qxc8+
Rxc8 45. b5 Bb7 46. Ra1 1-0

[Event "14th ECC w"]
[Site "Ohrid MKD"]
[Date "2009.10.09"]
[Round "6"]
[White "Javakhishvili,L"]
[Black "Chelushkina,I"]
[Result "0-1"]
[WhiteElo "2472"]
[BlackElo "2333"]
[EventDate "2009.10.04"]

1. d4 d6 2. Nf3 c6 3. c4 Nd7 4. Nc3 e5 5. e4 Ngf6 6. Be2 Be7 7. O-O O-O 8.
Be3 h6 9. d5 Ne8 10. b4 a5 11. a3 c5 12. bxc5 Nxc5 13. Rb1 Ra6 14. Ne1 Bg5
15. Qd2 Nf6 16. f3 Nh5 17. g3 Bxe3+ 18. Qxe3 Bh3 19. Rf2 f5 20. exf5 Bxf5
21. Rb2 Nf6 22. Bf1 Ra8 23. Nd3 Nfd7 24. Nxc5 Nxc5 25. f4 exf4 26. Rxf4 Qd7
27. Rbf2 g5 28. R4f3 Bg6 29. Rf6 Rxf6 30. Rxf6 Kh7 31. Bh3 Re8 32. Be6 Qe7
33. Qf2 Kg7 34. Rf3 Rf8 35. Qd4+ Kh7 36. Re3 Qg7 37. Qxg7+ Kxg7 38. Nb5 Rd8
39. Bh3 Kf6 40. Bf1 g4 41. h3 h5 42. hxg4 hxg4 43. Be2 Bf5 44. Nd4 Bd7 45.
Nb3 b6 46. Nd2 Bf5 47. Nb3 Rh8 48. Nxc5 bxc5 49. Rb3 Ke5 50. Bf1 Kd4 51.
Rb6 Rh6 52. Rb2 Be4 53. Rb5 a4 54. Ra5 Bc2 55. Ra6 Kc3 56. Be2 Rg6 57. Kf2
Kd2 58. Bf1 Rf6+ 59. Kg1 Bb3 60. Ra7 Kc3 61. Be2 Kb2 62. Re7 Kxa3 63. Re6
Rf8 64. Rxd6 Kb2 65. Rb6 Ra8 66. d6 a3 67. Bd1 a2 68. Rxb3+ Kc1 0-1

[Event "14th ECC w"]
[Site "Ohrid MKD"]
[Date "2009.10.09"]
[Round "6"]
[White "Foisor,C"]
[Black "Lomineishvili,M"]
[Result "1/2-1/2"]
[WhiteElo "2433"]
[BlackElo "2378"]
[EventDate "2009.10.04"]

1. Nf3 Nf6 2. g3 g6 3. Bg2 Bg7 4. O-O O-O 5. c4 d6 6. d4 Nc6 7. Nc3 Bg4 8.
h3 Bxf3 9. Bxf3 Nd7 10. e3 e5 11. d5 Ne7 12. Bg2 f5 13. f4 e4 14. Ne2 Nc5
15. Nd4 a5 16. Rb1 c6 17. dxc6 Nxc6 18. Nxc6 bxc6 19. Kh2 Nd3 20. Rg1 d5
21. cxd5 Qxd5 22. a3 c5 23. g4 c4 24. gxf5 Rxf5 25. Qc2 Rd8 26. Bd2 Nxf4
27. exf4 Qxd2 28. Qxc4+ Kh8 29. Qxe4 Rxf4 30. Qe1 Rf2 31. Qxd2 Rdxd2 32.
Rbf1 Bxb2 33. Rxf2 Rxf2 34. a4 Be5+ 35. Kh1 Ra2 36. Re1 Bf4 37. Re8+ Kg7
38. Re7+ Kf6 39. Rf7+ Kg5 40. Bf1 h6 41. Bb5 Rh2+ 42. Kg1 Rxh3 43. Be8 Re3
44. Rf8 Bd6 45. Rg8 Re6 46. Kg2 h5 47. Bb5 Rf6 48. Bd3 Bc5 49. Be4 Kh6 50.
Rc8 Bb6 51. Rg8 Bd4 52. Rd8 Bc3 53. Rg8 Re6 54. Kf3 g5 55. Rc8 Bd4 56. Rc6
Rxc6 57. Bxc6 Bc3 58. Ke4 Bd2 59. Kf5 g4 60. Be8 Bc1 61. Bf7 Bd2 62. Be8 g3
63. Bc6 Kg7 64. Bf3 Bc1 65. Bd5 Kf8 66. Kg6 h4 67. Bg2 Ba3 68. Kh5 Be7 69.
Kg4 Kf7 70. Kf3 Ke6 71. Bh3+ Kd6 72. Kg2 Ke5 73. Bc8 Kf4 74. Bh3 Ke5
1/2-1/2

[Event "14th ECC w"]
[Site "Ohrid MKD"]
[Date "2009.10.09"]
[Round "6"]
[White "Khukhashvili,S"]
[Black "Petrenko,S"]
[Result "1-0"]
[WhiteElo "2451"]
[BlackElo "2260"]
[EventDate "2009.10.04"]

1. e4 c5 2. c3 d5 3. exd5 Qxd5 4. d4 e6 5. Nf3 Nc6 6. Be3 cxd4 7. cxd4 Nf6
8. Nc3 Qa5 9. Bd3 Nb4 10. Be2 Nbd5 11. Bd2 Nxc3 12. bxc3 Ne4 13. O-O Bd6
14. Bd3 Nxd2 15. Qxd2 O-O 16. Rab1 a6 17. Rfe1 f5 18. Qc2 b5 19. c4 Bd7 20.
c5 Bf4 21. g3 Bh6 22. Qb3 Kh8 23. Ne5 Qd8 24. Bf1 Ra7 25. Rbd1 f4 26. Rd3
Rc7 27. Bg2 Bc8 28. a4 bxa4 29. Qxa4 g5 30. d5 Rxc5 31. Qd4 1-0

[Event "14th ECC w"]
[Site "Ohrid MKD"]
[Date "2009.10.09"]
[Round "6"]
[White "Benderac,A"]
[Black "Melia,S"]
[Result "1-0"]
[WhiteElo "2276"]
[BlackElo "2432"]
[EventDate "2009.10.04"]

1. d4 d5 2. Nf3 Nf6 3. e3 c5 4. c3 cxd4 5. exd4 Nc6 6. Bd3 Bg4 7. Nbd2 e6
8. Qa4 Bxf3 9. Nxf3 Bd6 10. O-O Qc7 11. Re1 O-O 12. Bg5 Nd7 13. Rad1 Rae8
14. Bb1 f5 15. Bc1 Nf6 16. c4 dxc4 17. Qxc4 Nd5 18. a3 Kh8 19. h3 a6 20.
Ng5 Qd7 21. Ba2 b5 22. Qd3 Bb8 23. Qf3 Nd8 24. Nxe6 Nxe6 25. Qxd5 Qxd5 26.
Bxd5 Nxd4 27. Rxe8 Rxe8 28. Be3 Nc2 29. Bb6 Re1+ 30. Rxe1 Nxe1 31. Bb7 Be5
32. b3 Nc2 33. a4 bxa4 34. bxa4 Nb4 35. Ba5 Bd6 36. Kf1 Kg8 37. Ke2 Kf7 38.
Kd2 Ke6 39. Kc3 Nd5+ 40. Kc4 Nc7 41. Bc8+ Kf6 42. Bc3+ Kg6 43. Bb4 Be5 44.
Kc5 Kf6 45. Kc6 Ne6 46. Bxa6 Bd4 47. Bc4 Nf4 48. a5 Ng6 49. Bc5 Ne7+ 50.
Kb5 Be5 51. a6 1-0

[Event "14th ECC w"]
[Site "Ohrid MKD"]
[Date "2009.10.09"]
[Round "6"]
[White "Danielian,E"]
[Black "Koneru,H"]
[Result "1/2-1/2"]
[WhiteElo "2489"]
[BlackElo "2595"]
[EventDate "2009.10.04"]

1. d4 d5 2. Nf3 Nf6 3. c4 dxc4 4. e3 e6 5. Bxc4 c5 6. O-O a6 7. Bd3 Nbd7 8.
Re1 Be7 9. a4 b6 10. e4 Bb7 11. e5 Nd5 12. Nc3 cxd4 13. Nxd5 Bxd5 14. Nxd4
Bc5 15. Qg4 Bxd4 16. Qxd4 Nc5 17. Bc4 O-O 18. Ra3 Rc8 19. Be3 Bxc4 20. Qxc4
Qe7 21. Qg4 Kh8 22. Bg5 f6 23. Bh4 a5 24. Rf3 Rf7 25. h3 Rcf8 26. b4 axb4
27. exf6 gxf6 28. Qxb4 Qa7 29. Ra1 Nd7 30. a5 bxa5 31. Rxa5 Qb8 32. Qxb8
Nxb8 33. Ra8 Nd7 34. Rxf8+ Rxf8 35. Rd3 Ne5 36. Rd8 Rxd8 37. Bxf6+ Kg8 38.
Bxd8 Kf7 39. g4 Kg6 40. Kg2 h5 41. Kg3 hxg4 42. hxg4 Kf7 43. Kf4 Nd3+ 44.
Ke3 Ne5 45. f3 Ng6 46. Ke4 Ke8 47. Bf6 Kf7 48. Be5 Ke8 49. Bg3 Kf7 50. Kd4
Ke8 51. f4 Kd7 52. Ke4 Ke8 53. Be1 Kf7 54. Bb4 Ke8 55. Ba5 Kf7 56. Bd8 Ke8
57. Bg5 Kf7 58. Kd4 Ke8 59. Kc5 Kf7 60. Kd6 Nf8 61. Bh4 Ng6 62. Bg3 Nf8 63.
Ke5 Ng6+ 64. Ke4 Ke8 65. Be1 Kf7 66. Bc3 Nh4 67. Bb4 Ng6 68. f5 exf5+ 69.
Kxf5 Nh4+ 70. Ke4 1/2-1/2

[Event "14th ECC w"]
[Site "Ohrid MKD"]
[Date "2009.10.09"]
[Round "6"]
[White "Kosteniuk,A"]
[Black "Harika,D"]
[Result "1/2-1/2"]
[WhiteElo "2516"]
[BlackElo "2474"]
[EventDate "2009.10.04"]

1. e4 e5 2. Nf3 Nc6 3. Bb5 Nf6 4. d3 Bc5 5. c3 O-O 6. O-O d6 7. Bg5 Bb6 8.
Nbd2 Ne7 9. Bxf6 gxf6 10. Nh4 f5 11. Qh5 f4 12. Bc4 Kg7 13. g3 fxg3 14.
hxg3 f6 15. Bb3 Qd7 16. Nc4 Qh3 17. Nxb6 axb6 18. Bd1 Ng6 19. Ng2 Qxh5 20.
Bxh5 Bh3 21. Kh2 Bxg2 22. Kxg2 f5 23. Rh1 f4 24. Bg4 fxg3 25. fxg3 Ne7 26.
a3 Rf6 27. d4 exd4 28. cxd4 Raf8 29. Rac1 c5 30. b4 Rf2+ 31. Kg1 Ra2 32.
bxc5 dxc5 33. dxc5 Rxa3 34. Kg2 Ra2+ 35. Kh3 Rf6 36. Bh5 Ra5 37. e5 Re6 38.
cxb6 Raxe5 39. Bf3 Rxb6 40. Rhd1 Rb3 41. Kg2 Ree3 42. Rc7 Rb2+ 43. Kh3 Rxf3
44. Rxe7+ Rf7 45. Rxf7+ Kxf7 46. Rd7+ Kg6 47. Rd6+ Kg5 48. Rd5+ Kg6 49.
Rd6+ 1/2-1/2

[Event "14th ECC w"]
[Site "Ohrid MKD"]
[Date "2009.10.09"]
[Round "6"]
[White "Khurtsidze,N"]
[Black "Cramling,P"]
[Result "1/2-1/2"]
[WhiteElo "2420"]
[BlackElo "2535"]
[EventDate "2009.10.04"]

1. d4 d5 2. c4 c6 3. Nf3 Nf6 4. e3 Bf5 5. Nc3 e6 6. Nh4 Be4 7. f3 Bg6 8.
Qb3 Qc7 9. Bd2 Be7 10. Rc1 Nbd7 11. cxd5 Nxd5 12. Nxg6 hxg6 13. g3 Nxc3 14.
Bxc3 Bd6 15. f4 g5 16. Bg2 Nb6 17. O-O gxf4 18. exf4 O-O-O 19. Ba5 Be7 20.
f5 Bf6 21. fxe6 Bxd4+ 22. Kh1 Qe5 23. Qf3 Qxe6 24. h4 f6 25. Rfe1 Be5 26.
b4 Kb8 27. b5 Rc8 28. bxc6 Rxc6 29. Rxc6 Qxc6 30. Qxc6 bxc6 31. Bxc6 g5 32.
Kg2 gxh4 33. gxh4 Rxh4 34. Bxb6 axb6 35. Rh1 Rg4+ 36. Kf3 Rf4+ 37. Ke3 Rc4
38. Bd5 Rc5 39. Ke4 Kc7 40. Rh8 Rc1 41. Bb3 b5 42. Kd5 Kb6 43. Ke6 Ka5 44.
Rh7 Kb4 45. Rb7 Rc5 46. Bd5 Ka3 47. Ra7+ Kb2 48. Rb7 Ka3 49. Ra7+ Kb4 50.
Rb7 Rc3 51. Rh7 Re3 52. Rh5 Ka3 53. Kf5 Bc3 54. Bb3 Be5 55. Bd5 b4 56. Rh7
Bd4 57. Rh5 Re2 58. Bc4 Rc2 59. Rh3+ Bc3 60. Rh8 Rd2 61. Ra8+ Kb2 62. Rf8
Be5 63. Rc8 Ka1 64. Ra8 Rd4 65. Bf7 Kb2 66. Ra5 Rf4+ 67. Kg6 Rf2 68. Be6
Bc3 69. Ra8 Re2 70. Bc4 Re5 71. Rf8 Rg5+ 72. Kh6 Rg4 73. Bb3 Rg3 74. Kh5
Be5 75. Be6 Rg5+ 76. Kh4 Rg2 77. Rg8 Rd2 78. Ra8 Rd6 79. Bg8 Rd7 80. Be6
Re7 81. Bb3 Rg7 82. Rg8 Rh7+ 83. Kg4 Ra7 84. Kf5 Rxa2 85. Bxa2 Kxa2 86.
Ra8+ Kb1 87. Ke4 b3 88. Kd3 b2 89. Kd2 Bf4+ 90. Kd1 Be3 91. Ra5 Bc1 92. Rc5
Bh6 93. Ra5 Be3 94. Rb5 Bf4 95. Ra5 Be5 96. Ra6 f5 97. Ra5 Bc3 98. Rxf5
1/2-1/2

[Event "14th ECC w"]
[Site "Ohrid MKD"]
[Date "2009.10.09"]
[Round "6"]
[White "Skripchenko,A"]
[Black "Galojan,L"]
[Result "1/2-1/2"]
[WhiteElo "2448"]
[BlackElo "2326"]
[EventDate "2009.10.04"]

1. e4 e5 2. Nf3 Nc6 3. Bc4 Bc5 4. c3 Nf6 5. d3 a6 6. Bb3 O-O 7. h3 h6 8.
Nbd2 Re8 9. Qe2 Bf8 10. g4 Na5 11. Bc2 d5 12. Nf1 dxe4 13. dxe4 Bd7 14. Bd3
c5 15. Ng3 c4 16. Bc2 Nh7 17. Nf5 Bxf5 18. gxf5 Qb6 19. Ba4 Re7 20. Be3 Qc7
21. O-O Nf6 22. Nd2 b5 23. Bc2 Rd7 24. Kh1 Bc5 25. Rg1 Kh7 26. Rg3 Rg8 27.
Rag1 Bxe3 28. Rxe3 Nb7 29. b3 Na5 30. Nf1 Qd8 31. Reg3 Qe7 32. Ne3 Qa3 33.
b4 Nc6 34. Nd5 Rd6 35. Bb1 a5 36. bxa5 Qxa5 37. R3g2 Qa7 38. f4 Qd7 39. Qf3
Qe8 40. Rb2 Na7 41. Nc7 Qe7 42. Nxb5 Rb6 43. a4 Nxb5 44. Qe3 Rgb8 45. Rbg2
Ne8 46. axb5 Rxb5 47. Bc2 Ra5 48. fxe5 Qxe5 49. Qd4 Rc8 50. Rg4 Kh8 51. Qd2
Ra6 52. Qd4 Ra5 53. Qe3 Rc6 54. Qd4 Rc8 55. Qxe5 Rxe5 56. Ba4 h5 57. Rg5
Rxe4 58. Bxe8 Rcxe8 59. Rxh5+ Kg8 60. Rhg5 Kf8 61. Rxg7 Ke7 62. R7g4
1/2-1/2

[Event "14th ECC w"]
[Site "Ohrid MKD"]
[Date "2009.10.09"]
[Round "6"]
[White "Arakhamia,K"]
[Black "Gaponenko,I"]
[Result "0-1"]
[WhiteElo "2499"]
[BlackElo "2438"]
[EventDate "2009.10.04"]

1. e4 c5 2. Nf3 d6 3. d4 cxd4 4. Nxd4 Nf6 5. Nc3 g6 6. Be3 Bg7 7. f3 Nc6 8.
Qd2 O-O 9. O-O-O d5 10. exd5 Nxd5 11. Nxc6 bxc6 12. Bd4 Nxc3 13. Qxc3 Bh6+
14. Be3 Bxe3+ 15. Qxe3 Qb6 16. Qxe7 Be6 17. Qa3 Rad8 18. Bd3 Rd5 19. Rhe1
Ra5 20. Qc3 Rxa2 21. b3 Ra5 22. Kb2 Rd5 23. Ra1 Rc5 24. Qf6 Bf5 25. Be4 Rb8
26. g4 Be6 27. Ra3 a5 28. Bd3 Bd5 29. h4 a4 30. h5 axb3 31. c3 Qd8 32. Re7
Be6 33. h6 Qf8 34. g5 Rd5 35. Bxg6 hxg6 36. h7+ Kxh7 37. Qxe6 Rd2+ 38. Kb1
Kg8 39. Qe3 Qd8 40. Raa7 Rd1+ 41. Kb2 Rd2+ 42. Kb1 Rd3 43. Re8+ Qxe8 44.
Qxd3 Qe1+ 45. Kb2 Qf2+ 0-1

[Event "14th ECC w"]
[Site "Ohrid MKD"]
[Date "2009.10.09"]
[Round "6"]
[White "Bojkovic,N"]
[Black "Dembo,Y"]
[Result "1/2-1/2"]
[WhiteElo "2429"]
[BlackElo "2482"]
[EventDate "2009.10.04"]

1. e4 c5 2. c3 d5 3. exd5 Qxd5 4. d4 Nf6 5. Nf3 Nc6 6. Be3 Ng4 7. Bd3 Nxe3
8. fxe3 e6 9. O-O Qh5 10. Nbd2 Be7 11. Ne4 O-O 12. Qe2 Rb8 13. a3 a5 14.
Ng3 Qh6 15. Rad1 b6 16. Be4 Na7 17. a4 Bd6 18. Rfe1 f5 19. Bc2 Nc6 20. Bb3
Kh8 21. Nf1 Bb7 22. d5 exd5 1/2-1/2

[Event "14th ECC w"]
[Site "Ohrid MKD"]
[Date "2009.10.09"]
[Round "6"]
[White "Peptan,C"]
[Black "Vasilevich,T"]
[Result "1-0"]
[WhiteElo "2387"]
[BlackElo "2423"]
[EventDate "2009.10.04"]

1. e4 c6 2. d4 g6 3. Nc3 d5 4. e5 Bg7 5. f4 h5 6. Nf3 Nh6 7. Be3 Bg4 8. Be2
Nf5 9. Bf2 e6 10. O-O Nd7 11. h3 Bxf3 12. Bxf3 h4 13. Ne2 b5 14. a4 b4 15.
a5 Rc8 16. Qd2 Bf8 17. Nc1 Rb8 18. Nd3 Rb5 19. c4 bxc3 20. Qxc3 Be7 21. b4
Nb8 22. Bd1 O-O 23. Ba4 Rb7 24. Nc5 Bxc5 25. bxc5 Kg7 26. Rfb1 Qc8 27. Bc2
Rh8 28. Qe1 Rh5 29. Bd1 Rh8 30. Bg4 Rxb1 31. Rxb1 Qd8 32. Rb7 a6 33. Rb6 g5
34. Bxf5 exf5 35. fxg5 Qxg5 36. Rb7 Kg6 37. e6 fxe6 38. Qxe6+ Qf6 39. Qe3
Qd8 40. Re7 Qg8 41. Qe5 1-0

[Event "14th ECC w"]
[Site "Ohrid MKD"]
[Date "2009.10.09"]
[Round "6"]
[White "Stojanovic,Andj"]
[Black "Motoc,A"]
[Result "1/2-1/2"]
[WhiteElo "2323"]
[BlackElo "2316"]
[EventDate "2009.10.04"]

1. d4 Nf6 2. Bg5 e6 3. e3 h6 4. Bh4 Be7 5. Bd3 d6 6. Nf3 Nbd7 7. c4 b6 8.
Nc3 Bb7 9. O-O O-O 10. Qe2 c5 11. Rac1 Rc8 12. h3 d5 13. cxd5 Nxd5 14. Bxe7
Qxe7 15. Nxd5 Bxd5 16. Ba6 Rcd8 17. e4 Ba8 18. Rfd1 cxd4 19. Nxd4 Nc5 20.
f3 Qg5 21. Nb3 Nxb3 22. axb3 Rxd1+ 23. Rxd1 Rd8 24. Rxd8+ Qxd8 25. Qc4 Qd1+
1/2-1/2

[Event "14th ECC w"]
[Site "Ohrid MKD"]
[Date "2009.10.09"]
[Round "6"]
[White "Rudolf,An"]
[Black "Muzychuk,A"]
[Result "0-1"]
[WhiteElo "2286"]
[BlackElo "2533"]
[EventDate "2009.10.04"]

1. e4 c5 2. Nf3 e6 3. d4 cxd4 4. Nxd4 a6 5. Bd3 Ne7 6. O-O Nbc6 7. Nxc6
Nxc6 8. Qg4 h5 9. Qh3 Bc5 10. Be3 Qb6 11. Bxc5 Qxc5 12. Nd2 d6 13. Qg3 Qe5
14. Nc4 Qxg3 15. hxg3 Ke7 16. Nb6 Rb8 17. f4 Bd7 18. Rad1 Rbd8 19. Be2 g5
20. Rd3 h4 21. Nxd7 Rxd7 22. gxh4 Rxh4 23. g3 Rh8 24. Bf3 gxf4 25. gxf4 Rh4
26. Bg2 Rc7 27. c3 Rc8 28. Rg3 e5 29. f5 Rh6 30. Kf2 Nb8 31. Rh1 Rxh1 32.
Bxh1 Nd7 33. Bf3 Rh8 34. Ke3 Nf6 35. Rg1 Rh2 36. Rg2 Rh3 37. Rg1 d5 38. Rh1
Rg3 39. Kf2 Rg5 40. Re1 dxe4 41. Bxe4 Nxe4+ 42. Rxe4 Rxf5+ 43. Ke3 Kd6 44.
Rh4 Rf1 45. Rh8 f5 46. Rd8+ Kc6 47. Rc8+ Kd5 48. c4+ Kd6 49. Rd8+ Kc5 50.
b3 e4 51. Rf8 Kd6 52. Rd8+ Kc7 53. Re8 Rf3+ 54. Ke2 Kd6 55. Rb8 Rh3 56.
Rxb7 f4 57. b4 Rh2+ 58. Kf1 e3 59. c5+ Kd5 60. Re7 Rxa2 61. Kg1 Rc2 62. Re8
Kd4 63. Rd8+ Ke4 0-1